| 000 | 00924cab a2200289 4500 | ||
|---|---|---|---|
| 001 | WB3344-34 | ||
| 008 | 090401t1997 xxu||||| |||| 00| 0 eng d | ||
| 035 | _a(Sirsi) u82055 | ||
| 041 | _aeng | ||
| 245 | _aLock-outs | ||
| 260 | _c1997 | ||
| 350 | _a0 | ||
| 490 |
_aEstates Gazette _v(9745) 8 November 1997, 144(1) |
||
| 520 | _aDiscusses recent court rulings on exclusive negotiations or lock-out agreements. Case law. | ||
| 650 | _aBANQUE BRUXELLES LAMBERT SA V EAGLE STAR INSURANCE | ||
| 650 | _aEXCLUSIVE NEGOTIATIONS | ||
| 650 | _aEXCLUSIVITY AGREEMENTS | ||
| 650 | _aKENNY & GOOD PTY V MGICA | ||
| 650 | _aLOCK-OUT AGREEMENTS | ||
| 650 | _aPITT V PHH ASSET MANAGEMENT | ||
| 650 | _aSOUTH AUSTRALIA ASSET MANAGEMENT CORPORATION V YORK MONTAGUE LTD | ||
| 650 | _aTYE V HOUSE | ||
| 650 | _aWALFORD V MILES | ||
| 690 | _aLANDLORD AND TENANT-BUSINESS TENANCIES | ||
| 942 | _n0 | ||
| 948 | _c13/11/1997 | ||
| 999 |
_c51749 _d51749 |
||